Film de Tim Burton par images - Statistiques

Statistiques générales
  • Ce quiz a été pris 282 fois
  • Le résultat moyen est 11 sur 19
Statistiques - réponses
Par images Réponse % Correct
Batman
99%
Beetle Juice
96%
Edward aux mains d'argent
91%
Charlie et la Chocolaterie
84%
Les Noces Funèbres
75%
Alice au Pays des Merveilles
71%
Dumbo
64%
La Planète des singes
61%
Beetlejuice Beetlejuice
53%
Sleepy Hollow
49%
Big Fish
46%
Frankenweenie
44%
Dark Shadows
41%
Mars Attaque
40%
Miss Peregrine et les enfants particuliers
38%
Big Eyes
36%
Sweeney Todd
31%
Batman, le défi
26%
Ed Wood
26%
Aucun quiz correspondant
Distribution des résultats
% des personnes avec chaque résultat
Percentile par nombre de réponses
Votre historique - résultats
Vous n’avez pas pris ce quiz